| 000 | 01171nam a22003257a 4500 | ||
|---|---|---|---|
| 003 | CHAP | ||
| 005 | 20220329141656.0 | ||
| 008 | 971013s1990 r 00010 d | ||
| 010 | _a72029 | ||
| 011 | _a73001 | ||
| 035 | _a82558 | ||
| 040 | _cCHAP | ||
| 082 |
_a338.9724 _bG8 |
||
| 100 | 0 | 0 |
_aGutiérrez, Irma Eugenia. _951877 |
| 245 |
_aHidalgo _b: sociedad, economía, política y cultura |
||
| 260 |
_aMéxico, D.F. : _bUNAM. Centro de Investigaciones Interdisciplinarias en Humanidades, _c1990 |
||
| 300 | _a117 p. | ||
| 590 |
_aBATCH-UPD _b10 _c20130110 _lUCH01 _h0051 |
||
| 590 |
_aBATCH-UPD _b10 _c20130110 _lUCH01 _h1341 |
||
| 590 |
_aBATCH-UPD _b10 _c20130410 _lUCH01 _h0108 |
||
| 590 |
_aBATCH-UPD _b10 _c20130914 _lUCH01 _h1330 |
||
| 590 |
_aCONVERSION _b10 _c20130109 _lUCH01 _h1339 |
||
| 650 | 1 | 4 |
_aEstado, El. _938240 |
| 650 | 1 | 4 |
_aHidalgo _xCondiciones económicas _zHidalgo. _9175395 |
| 650 | 1 | 4 |
_aHidalgo _xCondiciones sociales. _955171 |
| 901 | _aBK | ||
| 942 | _cLIBRO | ||
| 949 |
_a338.9724 G8 _bBC _cLIBRO _d33724000403465 _eLIBRO _fc.2 _gI.c/e _h86583 _i82558 _si _t17.00 |
||
| 949 |
_a338.9724 G8 _bBC _cLIBRO _d33724000409090 _eLIBRO _gI.c/e _h86582 _i82558 _si _t17.00 |
||
| 999 |
_c72029 _d72029 |
||